| 000 | 00390nam a2200157Ia 4500 | ||
|---|---|---|---|
| 008 | 230524s9999 xx 000 0 und d | ||
| 082 |
_a401.11 _bLEB |
||
| 100 |
_aSharon Lebell _916727 |
||
| 245 | 4 | _aThe Art of Living | |
| 250 | _a1ST | ||
| 260 |
_aNEW DELHI _bHarpen Collins _c2001 |
||
| 300 | _aXII;548 | ||
| 500 | _aQuantity Number: 1 | ||
| 650 |
_aMiscellaneous _91877 |
||
| 942 | _cBK | ||
| 999 |
_c25204 _d25204 |
||